00387nam a22001457a 4500003000500000005001700005008004100022040000600063082001200069100003100081245005600112260003000168300000900198650003400207CEME20210628205803.0210316b xxu||||| |||| 00| 0 eng d c. a928 KAS aDr. Syed Abu Alkher Kashfi aYah log bhai ghazab thay khakay aur shakhsi mutalay aLAHOREbFEROZE SONSc1996 a150P aURDU ADAB-WRITERS-BIOGRAPHIES